[Event "Jacques Lemans op 18th"]
[Site "St Veit"]
[Date "1999.??.??"]
[Round "1.19"]
[White "Stadler, Bruno"]
[Black "Neulinger, Manfred"]
[Result "0-1"]
[WhiteElo "1814"]
[BlackElo "2260"]
[PlyCount "42"]
[EventDate "1999.07.??"]
[EventType "swiss"]
[EventRounds "9"]
[EventCountry "AUT"]
[SourceTitle "EXT 2004"]
[Source "ChessBase"]
[SourceDate "2003.11.25"]
[SourceVersion "1"]
[SourceVersionDate "2003.11.25"]
[SourceQuality "1"]

1. b3 e5 2. Bb2 Nc6 3. e3 g6 4. f4 Bg7 5. Nf3 f6 6. fxe5 fxe5 7. Bb5 Nge7 8. 0-0 0-0 9. e4 h6 10. Nc3 d6 11. Bc4+ Kh8 12. Qe1 Bg4 13. Qe3 Nd4 14. Bd3 Qd7 15. Nd5 Bxf3 16. gxf3 Ne6 17. Rf2 Nxd5 18. exd5 Nf4 19. Kh1 e4 20. fxe4 Bxb2 21. Rg1 Be5 0-1